Math on call : (Record no. 287)

MARC details
000 -LEADER
fixed length control field 00958cam a2200289 a 4500
005 - DATE AND TIME OF LATEST TRANSACTION
control field 20260322212013.0
008 - FIXED-LENGTH DATA ELEMENTS--GENERAL INFORMATION
fixed length control field data
010 ## - LIBRARY OF CONGRESS CONTROL NUMBER
LC control number 2004296046
020 ## - INTERNATIONAL STANDARD BOOK NUMBER
International Standard Book Number 0669508195
020 ## - INTERNATIONAL STANDARD BOOK NUMBER
International Standard Book Number 9780669508192
040 ## - CATALOGING SOURCE
Original cataloging agency YOL
Transcribing agency YOL
Modifying agency DLC
042 ## - AUTHENTICATION CODE
Authentication code lccopycat
050 00 - LIBRARY OF CONGRESS CALL NUMBER
Classification number QA40
Item number .K36 2004
082 00 - DEWEY DECIMAL CLASSIFICATION NUMBER
Classification number 510
Edition information 22
092 ## - LOCALLY ASSIGNED DEWEY CALL NUMBER (OCLC)
Classification number 510 K36 2004
001 - CONTROL NUMBER
control field data
245 00 - TITLE STATEMENT
Title Math on call :
Remainder of title a mathematics handbook /
Statement of responsibility, etc. edited by Andrew Kaplan & Carol DeBold.
260 ## - PUBLICATION, DISTRIBUTION, ETC.
Place of publication, distribution, etc. Wilmington, Mass. :
Name of publisher, distributor, etc. Great Source Education Group,
Date of publication, distribution, etc. c2004.
300 ## - PHYSICAL DESCRIPTION
Extent ix, 608 p. :
Other physical details col. ill. ;
Dimensions 23 cm.
500 ## - GENERAL NOTE
General note Includes index.
650 #0 - SUBJECT ADDED ENTRY--TOPICAL TERM
Topical term or geographic name entry element Mathematics
Form subdivision Handbooks, manuals, etc.
700 1# - ADDED ENTRY--PERSONAL NAME
Personal name Kaplan, Andrew.
700 1# - ADDED ENTRY--PERSONAL NAME
Personal name DeBold, Carol.
906 ## - LOCAL DATA ELEMENT F, LDF (RLIN)
a 7
b cbc
c copycat
d 3
e ncip
f 20
g y-gencatlg
925 0# -
-- acquire
-- 1 shelf copy
-- policy default
955 ## - COPY-LEVEL INFORMATION (RLIN)
-- jp99 2004-02-10
-- jp10 2004-02-23 to Dewey
Holdings
Withdrawn status Lost status Damaged status Not for loan Home library Current library Shelving location Date acquired Total checkouts Full call number Barcode Date last seen Price effective from Koha item type
        Franklin Franklin General stacks 22/03/2026   510 22 BC0010296 22/03/2026 22/03/2026 Books